000 00976nam a2200205 u 4500
001 000025252
005 20200930023648.0
008 110209s2005 ck a r 000 | spa d
020 _a9590607667
040 _aDO-SdBNP
_bspa
_cBNPHU
082 _axxx
_bD536p
100 1 _aDi Cagno, Vittorio
_942312
245 1 3 _aLa protección del medio ambiente en Cuba :
_buna nueva cultura de la naturaleza ; El legado de José Martí ; La ley cubana No. 81/97 del medio ambiente /
_cVittorio Di Cagno; edición y correción Javier Bertrán Martínez ; prólogo Eusebio Leal Spengler.
260 _aLa Habana :
_bCiencias Sociales,
_c2005.
300 _ax, 353 p. :
_bil. ;
_c19 cm.
500 _a"Edición provisional para la V Convención Internacional sobre Medio Ambiente y Desarrollo - Palacio de las Convenciones - La Habana - Cuba - 4 al 8 de julio de 2005."
700 1 _aBertrán Martínez, Javier
_eed.
_93234
700 1 _aLeal Spengler, Eusebio
_apról
_951749
049 _aBNGR
999 _c24745
_d24745